| 000 | 01061cam a2200301 i 4500 | ||
|---|---|---|---|
| 001 | bg | ||
| 003 | BPK | ||
| 005 | 20200102143921.0 | ||
| 008 | 990506s1981 pl a f f |000 0 pol | ||
| 015 | _aPB 1984/5587 | ||
| 020 | _a8301016949 | ||
| 040 |
_aWA N _cBPK |
||
| 041 | 0 | _apol | |
| 080 | _a621.791/795 | ||
| 080 | _a(075.8) | ||
| 100 | 1 | _aOpartny-Myśliwiec, Dąbrówka. | |
| 245 | 1 | 0 |
_aSpawalnictwo : _b[skrypt dla studentów wyższych szkół technicznych] / _cDąbrówka Opartny-Myśliwiec, Mieczysław Myśliwiec. |
| 260 |
_aWarszawa ; _aŁódź : _bPańst. Wydaw. Naukowe, _c1981 _e(Łódź : _fZGWN). |
||
| 300 |
_a341, [2] s. : _bfot., rys., wykr ; _c24 cm. |
||
| 490 | 1 | _aTechniki Wytwarzania. | |
| 504 | _aBibliogr. s. 339-[342]. | ||
| 655 | 4 | _aPodręczniki akademickie | |
| 650 | 4 | _aSpawalnictwo | |
| 700 | 1 |
_aMyśliwiec, Mieczysław _d(1926-2014). |
|
| 856 |
_uhttp://koha.tu.koszalin.pl/cgi-bin/koha/opac-detail.pl?biblionumber=1678 _yKatalog online BPK |
||
| 830 | 0 | _aTechniki Wytwarzania | |
| 942 |
_2UKD _cKS |
||
| 999 |
_c1678 _d1678 |
||